Vplyv Botrytis cinerea na aromatický profil tokajských vín

Gespeichert in:
Bibliographische Detailangaben
1. Verfasser: Bátorová, Anna-Mária (Verfasst von)
Weitere Verfasser: Furdíková, Katarína (Betreuung Doktorarbeit)
Format: Manuskript Buch
Sprache:Slowakisch
Veröffentlicht: 2019
Schlagworte:
Online-Zugang:http://is.stuba.sk/zp/portal_zp.pl?podrobnosti=125810
Tags: Tag hinzufügen
Keine Tags, Fügen Sie das erste Tag hinzu!

MARC

LEADER 00000ntm a22000003a 4500
001 stuzp74543
003 SK-STU
005 20190622211818.7
007 ta
008 150427s2015----xo-----f-mn---000-0-slo-d
040 |a STU  |b slo 
041 0 |a slo 
100 1 |a Bátorová, Anna-Mária  |u 044000  |4 aut  |U FCHPT Fakulta chemickej a potravinárskej technológie  |T FCHPT Ústav biotechnológie  |X 81612  |U C4000  |Y 102  |7 81612 
242 0 1 |a Influence of Botrytis cinerea on aroma profile of Tokaj wines  |y eng 
245 1 0 |a Vplyv Botrytis cinerea na aromatický profil tokajských vín 
260 |c 2019 
650 4 |a Botrytis cinerea  |2 slo 
650 4 |a kultivácia  |2 slo 
650 4 |a hroznový mušt  |2 slo 
650 4 |a YD médium  |2 slo 
650 4 |a prchavé organické zlúčeniny  |2 slo 
650 4 |a Botrytis cinerea  |2 eng 
650 4 |a cultivation  |2 eng 
650 4 |a grape must  |2 eng 
650 4 |a YD medium  |2 eng 
650 4 |a volatile organic compounds  |2 eng 
700 1 |a Furdíková, Katarína  |u 044000  |k Z1  |4 ths  |U FCHPT Fakulta chemickej a potravinárskej technológie  |T FCHPT Ústav biotechnológie  |X 42534  |U C4000  |Y 102  |7 A000042534 
856 4 |u http://is.stuba.sk/zp/portal_zp.pl?podrobnosti=125810